000
00234 a2200085 4500
020
_a
9789353505554
100
_a
Charles W. L. Hill
245
_a
Strategic Management: An Integrated Approach: Theory & Cases
260
_b
CENGAGE INDIA
_c
2017
999
_c
13363
_d
13363